01483pam a2200277 a 4500001000800000005001700008008004100025010001700066020002800083040001800111050001700129082001200146100002200158245005800180250001200238260004800250300005000298500010400348504005100452505058200503650001601085700002101101700001801122700002101140700004401161212522320210414113952.0970710s1998 maua b 001 0 eng  a 97024229  a0070434360 (alk. paper) aDLCcDLCdDLC00aHF5635.M492 00a657221 aMeiggs, Robert F.00aFinancial accounting /cRobert F. Meigs ... [et al.]. a9th ed. aBoston, Mass. :bIrwin/McGraw-Hill,cc1998. a1 v. (various pagings) :bcol. ill. ;c29 cm. aRev. ed. of: Financial accounting / Robert F. Meigs, Walter B. Meigs, Mary A. Meigs. 8th ed. c1995. aIncludes bibliographical references and index. aContents: Accounting : The language of business -- Changes in financial position -- Measuring business income and completing the accounting cycle -- Year end -- Accounting for merchandising activities -- Introduction to financial statement analysis and the statement of cash flows -- Financial assets -- Inventories and the cost of goods sold -- Plant assets and depreciation -- Liabilities -- Forms of business organization -- Reporting unusual events and special equity transactions -- Measuring cash flows -- Accounting: concepts, professional judgement and ethical conduct. 0aAccounting.1 aMeigs, Robert F.1 aBettner, Mark1 aWhittington, Ray1 aMeigs, Robert F.tFinancial accounting.